LIBRARY & INFORMATION CENTRE, KCAET, TAVANUR

ONLINE PUBLIC ACCESS CATALOGUE (OPAC)

Eating for Health / (Record no. 1007)

MARC details
000 -LEADER
fixed length control field 00363cam a2200145ua 4500
041 ## - LANGUAGE CODE
Language code of text/sound track or separate title eng
082 ## - DEWEY DECIMAL CLASSIFICATION NUMBER
Classification number 641.307
Item number MEN/EA
100 ## - MAIN ENTRY--AUTHOR NAME
Personal name Menkel, H.C .
245 ## - TITLE STATEMENT
Title Eating for Health /
260 ## - PUBLICATION, DISTRIBUTION, ETC. (IMPRINT)
Place of publication Poona :
Name of publisher Oriental watchman publishing house ,
Year of publication 1966.
300 ## - PHYSICAL DESCRIPTION
Number of Pages 96 ; .
942 ## - ADDED ENTRY ELEMENTS (KOHA)
Koha item type Books
Holdings
Withdrawn status Lost status Damaged status Home library Current library Date acquired Full call number Accession Number Koha item type
Withdrawn     KAUAET Sanskrit University 07/04/2012 641.307 MEN/EA 12106 Books
free website counter